Horizontal accountability in new democracies /

שמור ב:
מידע ביבליוגרפי
מחבר ראשי: O'Donnell, Guillermo
פורמט: Texto
תגים: הוספת תג
אין תגיות, היה/י הראשונ/ה לתייג את הרשומה!

MARC

LEADER 00000 a a2200000 04500
001 43929
003
040
100 |a O'Donnell, Guillermo  
245 |a Horizontal accountability in new democracies /  |c Guillermo O'Donnell  
773 |g páginas 29-51  
999 |c 37103  |d 37103